Rok po Majdane

Okyptená, schudobnená, no nezlomená Ukrajina bilancuje prvé výročie zmeny režimu. Oligarchický systém sa nezmenil. Vymenili sa len jeho hlavní protagonisti. Ukrajina sa ocitla v štádiu vnútorného národnostného štiepenia. Militarizácia hospodárstva.

Saved in:
Bibliographic Details
Main Author: Pressburg, Adrian Peter
Format: Book Chapter
Language:Slovak
Subjects:
Tags: Add Tag
No Tags, Be the first to tag this record!

MARC

LEADER 00000naa a2200000 4500
001 0198224
005 20231113102633.2
041 0 |a slo 
044 |a SK 
245 1 0 |a Rok po Majdane  |c Adrian Peter Pressburg 
520 |a Okyptená, schudobnená, no nezlomená Ukrajina bilancuje prvé výročie zmeny režimu. Oligarchický systém sa nezmenil. Vymenili sa len jeho hlavní protagonisti. Ukrajina sa ocitla v štádiu vnútorného národnostného štiepenia. Militarizácia hospodárstva. 
610 2 0 |a politika vnútorná 
610 2 0 |a politika zahraničná 
610 2 0 |a demonštrácie 
610 2 0 |a konflikty 
610 2 0 |a Ukrajina 
610 2 0 |a Rusko 
100 1 |a Pressburg, Adrian Peter